[Event "Quebec op"]
[Site "Montreal CAN"]
[Date "2009.07.20"]
[Round "4"]
[White "Zherebukh, Yaroslav"]
[Black "Arngrimsson, Dagur"]
[Result "0-1"]
[WhiteElo "2541"]
[BlackElo "2396"]
[PlyCount "110"]
[GameId "2160767910155473"]
[EventDate "2009.07.18"]
[EventType "swiss"]
[EventRounds "9"]
[EventCountry "CAN"]
[SourceTitle "CBM 131 Extra"]
[Source "ChessBase"]
[SourceDate "2009.09.03"]
[SourceVersion "2"]
[SourceVersionDate "2009.09.16"]
[SourceQuality "1"]

1. d4 d5 2. c4 c6 3. Nc3 Nf6 4. Nf3 Ne4 5. e3 e6 6. Nd2 Nxd2 7. Bxd2 Be7 8. Bd3 O-O 9. Qc2 f5 10. g4 Na6 11. a3 dxc4 12. Bxc4 b5 13. Bb3 b4 14. Ne2 bxa3 15. bxa3 Kh8 16. Ng3 c5 17. Rd1 cxd4 18. Bc3 Bf6 19. Nh5 fxg4 20. Nxf6 Qxf6 21. Rxd4 Qf3 22. Rg1 e5 23. Bd5 Qf5 24. Qxf5 Bxf5 25. Rc4 Rac8 26. Bxe5 Rxc4 27. Bxc4 Rc8 28. Bf1 Nc5 29. h3 Ne4 30. hxg4 Rc1+ 31. Ke2 Rc2+ 32. Ke1 Be6 33. Be2 Rc1+ 34. Bd1 Bb3 35. Ke2 Rxd1 36. Rxd1 Bxd1+ 37. Kxd1 Nxf2+ 38. Ke2 Nxg4 39. Bd4 a6 40. Kf3 Nf6 41. e4 Nd7 42. e5 Nf8 43. Ke4 Ne6 44. Bf2 Kg8 45. Kd5 Kf7 46. Kc6 h5 47. Kb6 g5 48. Kxa6 h4 49. a4 h3 50. Bg3 Nd4 51. a5 Ne2 52. e6+ Kxe6 53. Bh2 g4 54. Kb7 g3 55. Bxg3 Nxg3 0-1

[Event "Quebec op"]
[Site "Montreal CAN"]
[Date "2009.07.21"]
[Round "5"]
[White "Arngrimsson, Dagur"]
[Black "Georgiev, Vladimir"]
[Result "0-1"]
[WhiteElo "2396"]
[BlackElo "2530"]
[PlyCount "154"]
[GameId "2160767910155474"]
[EventDate "2009.07.18"]
[EventType "swiss"]
[EventRounds "9"]
[EventCountry "CAN"]
[SourceTitle "CBM 131 Extra"]
[Source "ChessBase"]
[SourceDate "2009.09.03"]
[SourceVersion "2"]
[SourceVersionDate "2009.09.16"]
[SourceQuality "1"]

1. e4 e5 2. Nf3 Nc6 3. Nc3 Nf6 4. Bb5 Bd6 5. Bxc6 dxc6 6. d4 Bg4 7. dxe5 Bxf3 8. Qxf3 Bxe5 9. Bf4 Bxf4 10. Qxf4 O-O 11. O-O Re8 12. Rfe1 Qe7 13. h3 Qb4 14. Rab1 Re7 15. a3 Qc4 16. Rbd1 Rae8 17. Qe3 a5 18. Qd4 Qe6 19. Qd2 h6 20. Qe3 b6 21. f3 Qe5 22. f4 Qh5 23. e5 Nd7 24. Ne4 Nxe5 25. fxe5 Rxe5 26. Nf6+ gxf6 27. Qf2 Rxe1+ 28. Rxe1 Rxe1+ 29. Qxe1 Qc5+ 30. Kh1 Qxc2 31. Qg3+ Qg6 32. Qxc7 Qb1+ 33. Kh2 Qxb2 34. Qc8+ Kg7 35. Qg4+ Kf8 36. Qc8+ Ke7 37. Qc7+ Ke6 38. Qxc6+ Kf5 39. Qd7+ Ke4 40. a4 Qe5+ 41. Kh1 Qe6 42. Qd2 f5 43. Qd1 Ke5 44. Qa1+ Kd6 45. Qd4+ Ke7 46. Qf4 Kf8 47. Qg3 Qf6 48. Qb8+ Kg7 49. Qg3+ Kh7 50. Qf4 Qe6 51. Qc7 Qb3 52. Qd7 Kg6 53. Qd4 Qb1+ 54. Kh2 Qb4 55. Qd7 Qc5 56. Kh1 Kg7 57. Kh2 h5 58. Kh1 f4 59. Qd1 Qe5 60. Qd7 Qf6 61. Qd1 Kg6 62. Qd3+ Qf5 63. Qa6 Qf6 64. Qd3+ Kg7 65. Qd1 Qe5 66. Qd7 Qe1+ 67. Kh2 Qg3+ 68. Kh1 f3 69. Qd4+ f6 70. Qd7+ Kh6 71. gxf3 Qxf3+ 72. Kh2 Kg5 73. Qb5+ Kf4 74. Qd7 Qe2+ 75. Kg1 Kg3 76. Qc7+ Kxh3 77. Qg7 Qg4+ 0-1

[Event "Quebec op"]
[Site "Montreal CAN"]
[Date "2009.07.21"]
[Round "5"]
[White "Gunnarsson, Jon Viktor"]
[Black "Zherebukh, Yaroslav"]
[Result "0-1"]
[WhiteElo "2462"]
[BlackElo "2541"]
[PlyCount "68"]
[GameId "2160767910155475"]
[EventDate "2009.07.18"]
[EventType "swiss"]
[EventRounds "9"]
[EventCountry "CAN"]
[SourceTitle "CBM 131 Extra"]
[Source "ChessBase"]
[SourceDate "2009.09.03"]
[SourceVersion "2"]
[SourceVersionDate "2009.09.16"]
[SourceQuality "1"]

1. e4 c5 2. Nf3 d6 3. d4 cxd4 4. Nxd4 Nf6 5. Nc3 a6 6. Be3 e5 7. Nb3 Be7 8. Be2 O-O 9. O-O Nc6 10. f4 exf4 11. Rxf4 Ne5 12. Qd2 Bg4 13. Nd4 b5 14. Nf5 b4 15. Nd5 Nxd5 16. exd5 Bxf5 17. Rxf5 a5 18. Raf1 g6 19. R5f2 f5 20. c4 bxc3 21. bxc3 Rc8 22. Ba6 Rb8 23. c4 Rb4 24. Qe2 Ng4 25. Rf3 Bf6 26. Bb5 Rb2 27. Bd2 Rxa2 28. c5 Ne5 29. R3f2 dxc5 30. d6 Kh8 31. d7 Rb2 32. Ba4 Nxd7 33. Kh1 Nb6 34. Bb5 c4 0-1

[Event "Quebec op"]
[Site "Montreal CAN"]
[Date "2009.07.21"]
[Round "5"]
[White "Jiang, Louie"]
[Black "Thorfinnsson, Bjorn"]
[Result "1/2-1/2"]
[WhiteElo "2250"]
[BlackElo "2395"]
[PlyCount "71"]
[GameId "2160767910155476"]
[EventDate "2009.07.18"]
[EventType "swiss"]
[EventRounds "9"]
[EventCountry "CAN"]
[SourceTitle "CBM 131 Extra"]
[Source "ChessBase"]
[SourceDate "2009.09.03"]
[SourceVersion "2"]
[SourceVersionDate "2009.09.16"]
[SourceQuality "1"]

1. e4 e5 2. Nf3 Nc6 3. Bb5 a6 4. Ba4 Nf6 5. O-O Be7 6. Re1 b5 7. Bb3 d6 8. c3 O-O 9. h3 Na5 10. Bc2 c5 11. d4 Qc7 12. Nbd2 Nc6 13. d5 Nd8 14. b4 c4 15. a4 Rb8 16. Nf1 Ne8 17. g4 g6 18. Ng3 Ng7 19. Bh6 f6 20. Nh2 Nf7 21. Be3 Bd7 22. Qe2 Qc8 23. axb5 axb5 24. Ra7 Ng5 25. Kg2 Rb7 26. Rea1 Rxa7 27. Rxa7 Bd8 28. Bb1 h6 29. Qa2 Bc7 30. Qa6 Qxa6 31. Rxa6 Bc8 32. Ra7 Bb8 33. Ra8 Bc7 34. Ra7 Bb8 35. Ra8 Bc7 36. Ra7 1/2-1/2

[Event "Quebec op"]
[Site "Montreal CAN"]
[Date "2009.07.21"]
[Round "5"]
[White "Leveille, Francois"]
[Black "Barbeau, Sylvain"]
[Result "1-0"]
[WhiteElo "2261"]
[BlackElo "2357"]
[PlyCount "119"]
[GameId "2160767910155478"]
[EventDate "2009.07.18"]
[EventType "swiss"]
[EventRounds "9"]
[EventCountry "CAN"]
[SourceTitle "CBM 131 Extra"]
[Source "ChessBase"]
[SourceDate "2009.09.03"]
[SourceVersion "2"]
[SourceVersionDate "2009.09.16"]
[SourceQuality "1"]

1. d4 Nf6 2. c4 g6 3. Nc3 d5 4. Nf3 Bg7 5. cxd5 Nxd5 6. Bd2 O-O 7. Rc1 c6 8. h3 Nb6 9. Bf4 Na6 10. e3 Nc7 11. Be2 Ncd5 12. Bg5 h6 13. Bh4 Be6 14. O-O Nxc3 15. bxc3 Nc4 16. Rb1 Nd6 17. c4 b6 18. Qa4 g5 19. Bg3 Ne4 20. Qxc6 Nc3 21. Bd3 Rc8 22. Qb7 Bxc4 23. Bxc4 Rxc4 24. Rb2 Ra4 25. Kh2 e6 26. Qc6 Qc8 27. Qxc8 Rxc8 28. Rc1 Rac4 29. Nd2 R4c6 30. Rbc2 b5 31. a3 a5 32. Nb3 Bf8 33. Nxa5 Ra6 34. Rxc3 Rxc3 35. Rxc3 Rxa5 36. Rc8 Ra6 37. Be5 f5 38. Rb8 Kf7 39. Rxb5 Rxa3 40. Rb7+ Kg8 41. g4 fxg4 42. hxg4 Ra2 43. Kg2 Re2 44. Kf3 Rd2 45. Bg3 Ra2 46. Ke4 Ra5 47. Rd7 Rb5 48. Be5 Ra5 49. Rb7 Rd5 50. f4 gxf4 51. exf4 Ra5 52. f5 exf5+ 53. gxf5 Ra1 54. f6 Rf1 55. Kd5 h5 56. Ke6 h4 57. f7+ Kh7 58. Rb8 Ba3 59. d5 h3 60. Rh8+ 1-0

[Event "Quebec op"]
[Site "Montreal CAN"]
[Date "2009.07.21"]
[Round "5"]
[White "Malakhatko, Vadim"]
[Black "Malaniuk, Vladimir P"]
[Result "1-0"]
[WhiteElo "2570"]
[BlackElo "2563"]
[PlyCount "83"]
[GameId "2160767910155479"]
[EventDate "2009.07.18"]
[EventType "swiss"]
[EventRounds "9"]
[EventCountry "CAN"]
[SourceTitle "CBM 131 Extra"]
[Source "ChessBase"]
[SourceDate "2009.09.03"]
[SourceVersion "2"]
[SourceVersionDate "2009.09.16"]
[SourceQuality "1"]

1. d4 f5 2. g3 Nf6 3. Bg2 g6 4. Nf3 Bg7 5. b4 c6 6. a4 Ne4 7. c3 d6 8. O-O Nd7 9. Qb3 Ndf6 10. Ne1 Nd5 11. Bb2 e5 12. dxe5 dxe5 13. c4 Nc7 14. Nd3 Ne6 15. e3 Qc7 16. f3 N4g5 17. Nd2 c5 18. f4 Nf7 19. Bd5 O-O 20. Nxc5 Nxc5 21. bxc5 Re8 22. Nf3 Be6 23. Qxb7 Rac8 24. Qxc7 Rxc7 25. c6 exf4 26. Bxg7 Kxg7 27. Nd4 Bxd5 28. cxd5 fxe3 29. Ne6+ Rxe6 30. dxe6 Ne5 31. Rae1 Rxc6 32. e7 Re6 33. Rxe3 Rxe7 34. Rd1 g5 35. Rd5 Kf6 36. Rd6+ Kg7 37. Kf1 f4 38. gxf4 gxf4 39. Re4 f3 40. a5 Kf7 41. a6 Re8 42. h3 1-0

[Event "Quebec op"]
[Site "Montreal CAN"]
[Date "2009.07.22"]
[Round "6"]
[White "Castellanos Rodriguez, Renier"]
[Black "Thavandiran, Shiyam"]
[Result "1-0"]
[WhiteElo "2453"]
[BlackElo "2291"]
[PlyCount "79"]
[GameId "2160767910155484"]
[EventDate "2009.07.18"]
[EventType "swiss"]
[EventRounds "9"]
[EventCountry "CAN"]
[SourceTitle "CBM 131 Extra"]
[Source "ChessBase"]
[SourceDate "2009.09.03"]
[SourceVersion "2"]
[SourceVersionDate "2009.09.16"]
[SourceQuality "1"]

1. e4 e6 2. d4 d5 3. Nc3 Nf6 4. Bg5 dxe4 5. Nxe4 Be7 6. Bxf6 Bxf6 7. Nf3 Nd7 8. Qe2 O-O 9. O-O-O Be7 10. Ne5 Nf6 11. Nxf6+ Bxf6 12. Qe3 c5 13. dxc5 Qc7 14. f4 Be7 15. Bd3 Qxc5 16. Qe4 g6 17. h4 Qd5 18. h5 Qxe4 19. Bxe4 Rd8 20. g4 g5 21. f5 f6 22. Rxd8+ Bxd8 23. Rd1 Bc7 24. Nd7 exf5 25. Bxf5 Bf4+ 26. Kb1 h6 27. Nxf6+ Kf7 28. Nd7 a5 29. a4 Ke7 30. Re1+ Kd8 31. Nf6 Kc7 32. Re8 Bxf5 33. Rxa8 Be6 34. Rh8 Be5 35. Rxh6 Kd8 36. Ne4 Bxg4 37. Nxg5 Ke8 38. Ne4 Kf8 39. Rb6 Bxh5 40. Rb5 1-0

[Event "Quebec op"]
[Site "Montreal CAN"]
[Date "2009.07.22"]
[Round "6"]
[White "Gagunashvili, Merab"]
[Black "Sambuev, Bator"]
[Result "1-0"]
[WhiteElo "2574"]
[BlackElo "2491"]
[PlyCount "93"]
[GameId "2160767910155485"]
[EventDate "2009.07.18"]
[EventType "swiss"]
[EventRounds "9"]
[EventCountry "CAN"]
[SourceTitle "CBM 131 Extra"]
[Source "ChessBase"]
[SourceDate "2009.09.03"]
[SourceVersion "2"]
[SourceVersionDate "2009.09.16"]
[SourceQuality "1"]

1. d4 Nf6 2. c4 g6 3. Nf3 Bg7 4. g3 O-O 5. Bg2 d5 6. cxd5 Nxd5 7. O-O c5 8. dxc5 Na6 9. c6 bxc6 10. Nd4 Bb7 11. Na3 Qb6 12. Nb3 Rfd8 13. Bd2 Nab4 14. Nc4 Qb5 15. Nba5 Ba6 16. Qb3 Rac8 17. a3 Nb6 18. a4 Qh5 19. Bxb4 Nxc4 20. Nxc4 Rb8 21. Bf3 Qh6 22. Na5 c5 23. Nc6 Rxb4 24. Nxb4 Rb8 25. Qc2 cxb4 26. Qc7 Rf8 27. Qxa7 Bc8 28. Qxe7 Bxb2 29. Qxb4 Bxa1 30. Rxa1 Qg7 31. Rc1 Qe5 32. a5 Ba6 33. Qc3 Qd6 34. Qe3 Qb4 35. Qc3 Qd6 36. Kg2 h5 37. h4 Re8 38. Qc6 Qxc6 39. Rxc6 Bxe2 40. a6 Bxf3+ 41. Kxf3 Re7 42. Rc2 Kf8 43. Ra2 Ra7 44. Ke4 Ke7 45. Ke5 f6+ 46. Kd5 Kd7 47. f4 1-0

[Event "Quebec op"]
[Site "Montreal CAN"]
[Date "2009.07.22"]
[Round "6"]
[White "Kasparov, Sergey"]
[Black "Arngrimsson, Dagur"]
[Result "1-0"]
[WhiteElo "2487"]
[BlackElo "2396"]
[PlyCount "119"]
[GameId "2160767910155488"]
[EventDate "2009.07.18"]
[EventType "swiss"]
[EventRounds "9"]
[EventCountry "CAN"]
[SourceTitle "CBM 131 Extra"]
[Source "ChessBase"]
[SourceDate "2009.09.03"]
[SourceVersion "2"]
[SourceVersionDate "2009.09.16"]
[SourceQuality "1"]

1. e4 e5 2. Nf3 Nc6 3. Bb5 a6 4. Bxc6 dxc6 5. O-O Qd6 6. Na3 b5 7. c3 c5 8. Nc2 Bb7 9. d4 cxd4 10. cxd4 exd4 11. Nfxd4 c5 12. Nb3 Qxd1 13. Rxd1 Nf6 14. f3 a5 15. Be3 Nd7 16. Na3 Bc6 17. Rac1 c4 18. Nd4 Bc5 19. Nac2 Rc8 20. Nxc6 Rxc6 21. Rd5 b4 22. Bxc5 Rxc5 23. Ne3 Rxd5 24. Nxd5 Ne5 25. f4 Nd3 26. Rxc4 O-O 27. b3 f5 28. exf5 Re8 29. g4 Re1+ 30. Kg2 Ra1 31. f6 Rxa2+ 32. Kg3 gxf6 33. Rc7 a4 34. Nxf6+ Kf8 35. Nxh7+ Ke8 36. Nf6+ Kf8 37. g5 Ra1 38. Nh7+ Ke8 39. Nf6+ Kf8 40. Nh7+ Ke8 41. bxa4 b3 42. Nf6+ Kf8 43. f5 Rg1+ 44. Kh4 Ne5 45. g6 b2 46. Rb7 b1=Q 47. g7+ Rxg7 48. Rxb1 Nf3+ 49. Kh5 Rg5+ 50. Kh6 Rxf5 51. Ng4 Rf4 52. Rf1 Ke7 53. h3 Kd6 54. a5 Kc7 55. Kg7 Rf5 56. Nh2 Nd4 57. Rxf5 Nxf5+ 58. Kf6 Nh4 59. Kg5 Ng2 60. Nf3 1-0

[Event "Quebec op"]
[Site "Montreal CAN"]
[Date "2009.07.22"]
[Round "6"]
[White "Thorfinnsson, Bjorn"]
[Black "Gunnarsson, Jon Viktor"]
[Result "1/2-1/2"]
[WhiteElo "2395"]
[BlackElo "2462"]
[PlyCount "23"]
[GameId "2160767910155492"]
[EventDate "2009.07.18"]
[EventType "swiss"]
[EventRounds "9"]
[EventCountry "CAN"]
[SourceTitle "CBM 131 Extra"]
[Source "ChessBase"]
[SourceDate "2009.09.03"]
[SourceVersion "2"]
[SourceVersionDate "2009.09.16"]
[SourceQuality "1"]

1. d4 d5 2. c4 c6 3. cxd5 cxd5 4. Nc3 Nc6 5. Bf4 Nf6 6. e3 Bf5 7. Bd3 Bxd3 8. Qxd3 e6 9. Nf3 Bd6 10. Bxd6 Qxd6 11. O-O O-O 12. Rac1 1/2-1/2

[Event "Quebec op"]
[Site "Montreal CAN"]
[Date "2009.07.22"]
[Round "6"]
[White "Ye, Ling Feng"]
[Black "Jiang, Louie"]
[Result "0-1"]
[WhiteElo "2179"]
[BlackElo "2250"]
[PlyCount "74"]
[GameId "2160767910155493"]
[EventDate "2009.07.18"]
[EventType "swiss"]
[EventRounds "9"]
[EventCountry "CAN"]
[SourceTitle "CBM 131 Extra"]
[Source "ChessBase"]
[SourceDate "2009.09.03"]
[SourceVersion "2"]
[SourceVersionDate "2009.09.16"]
[SourceQuality "1"]

1. e4 c5 2. Nf3 e6 3. Nc3 Nf6 4. d4 cxd4 5. Nxd4 Qb6 6. Nb3 Bb4 7. Bd3 Bxc3+ 8. bxc3 d6 9. O-O e5 10. Bg5 Nbd7 11. Nd2 Qc5 12. Qf3 O-O 13. Nc4 h6 14. Bh4 d5 15. exd5 e4 16. Bxe4 Qxc4 17. Rfe1 Re8 18. Bxf6 Nxf6 19. Bd3 Qc5 20. Rxe8+ Nxe8 21. Re1 Bd7 22. c4 Nf6 23. Qf4 b6 24. Re3 Re8 25. Rf3 Re1+ 26. Bf1 a5 27. h3 Qe7 28. Qd2 Qb4 29. Qd3 Qb1 30. a3 Ne8 31. g4 a4 32. Kg2 Qd1 33. Re3 Qxd3 34. cxd3 Rb1 35. d4 Rc1 36. f4 Kf8 37. Re2 Nd6 0-1

[Event "Quebec op"]
[Site "Montreal CAN"]
[Date "2009.07.22"]
[Round "6"]
[White "Zherebukh, Yaroslav"]
[Black "Malaniuk, Vladimir P"]
[Result "1/2-1/2"]
[WhiteElo "2541"]
[BlackElo "2563"]
[PlyCount "59"]
[GameId "2160767910155494"]
[EventDate "2009.07.18"]
[EventType "swiss"]
[EventRounds "9"]
[EventCountry "CAN"]
[SourceTitle "CBM 131 Extra"]
[Source "ChessBase"]
[SourceDate "2009.09.03"]
[SourceVersion "2"]
[SourceVersionDate "2009.09.16"]
[SourceQuality "1"]

1. e4 e5 2. Nf3 Nc6 3. Bb5 a6 4. Ba4 d6 5. Bxc6+ bxc6 6. d4 exd4 7. Nxd4 c5 8. Ne2 Nf6 9. c4 Bb7 10. f3 Be7 11. Nbc3 Nd7 12. O-O O-O 13. Qc2 Bf6 14. b3 Be5 15. Bf4 a5 16. Bxe5 Nxe5 17. Rae1 Re8 18. h3 Qh4 19. f4 Nd7 20. Qd3 Bc6 21. Ng3 g6 22. a4 Qd8 23. Nh1 Qf6 24. Qc2 Qh4 25. Re2 Re7 26. Qd2 Rae8 27. Rfe1 Nf6 28. Nf2 Qg3 29. Nh1 Qh4 30. Nf2 1/2-1/2

[Event "Quebec op"]
[Site "Montreal CAN"]
[Date "2009.07.23"]
[Round "7"]
[White "Barbeau, Sylvain"]
[Black "Ye, Ling Feng"]
[Result "1-0"]
[WhiteElo "2357"]
[BlackElo "2179"]
[PlyCount "89"]
[GameId "2160767910155496"]
[EventDate "2009.07.18"]
[EventType "swiss"]
[EventRounds "9"]
[EventCountry "CAN"]
[SourceTitle "CBM 131 Extra"]
[Source "ChessBase"]
[SourceDate "2009.09.03"]
[SourceVersion "2"]
[SourceVersionDate "2009.09.16"]
[SourceQuality "1"]

1. f4 d6 2. Nf3 c5 3. e4 Nc6 4. Nc3 g6 5. Bc4 Bg7 6. O-O e6 7. d3 Nge7 8. Qe1 O-O 9. f5 d5 10. Bb3 dxe4 11. dxe4 exf5 12. Qh4 Nd4 13. Bg5 Nxf3+ 14. Rxf3 Qd4+ 15. Be3 Qe5 16. Raf1 Nc6 17. g4 fxg4 18. Rxf7 Be6 19. Rxg7+ Kxg7 20. Bh6+ Kg8 21. Bxe6+ Qxe6 22. Rxf8+ Rxf8 23. Bxf8 Kxf8 24. Qxh7 Ne5 25. Qxb7 Qd6 26. Nd5 Nf3+ 27. Kf1 Nd2+ 28. Ke1 Nxe4 29. Qa8+ Kg7 30. Qxa7+ Kh6 31. Qf7 g3 32. hxg3 Qxg3+ 33. Ke2 Qg2+ 34. Ke3 Qxc2 35. Qf8+ Kh7 36. Qe7+ Kh6 37. Qxe4 Qxb2 38. Nf4 Qc3+ 39. Ke2 Kg5 40. a4 Qb2+ 41. Kf3 Qb3+ 42. Qe3 Qxa4 43. Qe7+ Kh6 44. Qh4+ Kg7 45. Ne6+ 1-0

[Event "Quebec op"]
[Site "Montreal CAN"]
[Date "2009.07.23"]
[Round "7"]
[White "Georgiev, Vladimir"]
[Black "Gagunashvili, Merab"]
[Result "1/2-1/2"]
[WhiteElo "2530"]
[BlackElo "2574"]
[PlyCount "21"]
[GameId "2160767910155497"]
[EventDate "2009.07.18"]
[EventType "swiss"]
[EventRounds "9"]
[EventCountry "CAN"]
[SourceTitle "CBM 131 Extra"]
[Source "ChessBase"]
[SourceDate "2009.09.03"]
[SourceVersion "2"]
[SourceVersionDate "2009.09.16"]
[SourceQuality "1"]

1. d4 d5 2. c4 c6 3. Nf3 Nf6 4. cxd5 cxd5 5. Nc3 Nc6 6. Bf4 Bf5 7. e3 e6 8. Bb5 Bb4 9. O-O O-O 10. Bxc6 bxc6 11. Rc1 1/2-1/2

[Event "Quebec op"]
[Site "Montreal CAN"]
[Date "2009.07.23"]
[Round "7"]
[White "Gunnarsson, Jon Viktor"]
[Black "Thavandiran, Shiyam"]
[Result "0-1"]
[WhiteElo "2462"]
[BlackElo "2291"]
[PlyCount "90"]
[GameId "2160767910155498"]
[EventDate "2009.07.18"]
[EventType "swiss"]
[EventRounds "9"]
[EventCountry "CAN"]
[SourceTitle "CBM 131 Extra"]
[Source "ChessBase"]
[SourceDate "2009.09.03"]
[SourceVersion "2"]
[SourceVersionDate "2009.09.16"]
[SourceQuality "1"]

1. e4 e6 2. Nf3 d5 3. Nc3 Nf6 4. e5 Nfd7 5. d4 c5 6. dxc5 Nc6 7. Bf4 Nxc5 8. Be2 a6 9. O-O Qc7 10. Qd2 b5 11. a3 Bb7 12. Qe3 Be7 13. b4 Ne4 14. Nxe4 dxe4 15. Nd2 Nxe5 16. Nxe4 Nc4 17. Qg3 e5 18. Qxg7 O-O-O 19. Bxc4 exf4 20. Bd3 f5 21. Nf6 Qe5 22. Bxf5+ Qxf5 23. Qxe7 Rdf8 24. Rad1 Rxf6 25. Rfe1 Rg8 26. Re5 Rxg2+ 27. Kf1 Rg1+ 28. Kxg1 Qg4+ 29. Kf1 Qxd1+ 30. Re1 Qd6 31. Qxh7 Kb8 32. Re7 Qd1+ 33. Re1 Qd6 34. Re7 Qd1+ 35. Re1 Qd8 36. Re7 Bf3 37. Rd7 Rd6 38. Rxd8+ Rxd8 39. Qe7 Rd1+ 40. Qe1 Bg2+ 41. Ke2 Bf3+ 42. Kf1 Kc7 43. c4 bxc4 44. Qxd1 Bxd1 45. Ke1 Ba4 0-1

[Event "Quebec op"]
[Site "Montreal CAN"]
[Date "2009.07.23"]
[Round "7"]
[White "Kasparov, Sergey"]
[Black "Zherebukh, Yaroslav"]
[Result "1-0"]
[WhiteElo "2487"]
[BlackElo "2541"]
[PlyCount "67"]
[GameId "2160767910155501"]
[EventDate "2009.07.18"]
[EventType "swiss"]
[EventRounds "9"]
[EventCountry "CAN"]
[SourceTitle "CBM 131 Extra"]
[Source "ChessBase"]
[SourceDate "2009.09.03"]
[SourceVersion "2"]
[SourceVersionDate "2009.09.16"]
[SourceQuality "1"]

1. e4 c5 2. Nf3 d6 3. Bb5+ Nd7 4. O-O Ngf6 5. Re1 a6 6. Bf1 b6 7. d4 cxd4 8. Nxd4 Bb7 9. c4 e6 10. Nc3 Be7 11. f3 O-O 12. Be3 Rc8 13. Rc1 Qc7 14. b4 Qb8 15. a3 Bd8 16. Kh1 Ne5 17. Na4 Bc7 18. Bg1 h5 19. c5 b5 20. cxd6 Bxd6 21. Nc5 h4 22. Nxb7 Qxb7 23. Rxc8 Rxc8 24. Nxe6 Bb8 25. Ng5 Ng6 26. Nh3 Qe7 27. e5 Nh5 28. a4 Rd8 29. Qb1 bxa4 30. e6 Kf8 31. exf7 Qxf7 32. Ng5 Qd5 33. Qc1 Bf4 34. Qc4 1-0

[Event "Quebec op"]
[Site "Montreal CAN"]
[Date "2009.07.23"]
[Round "7"]
[White "Mitkov, Nikola"]
[Black "Thorfinnsson, Bjorn"]
[Result "0-1"]
[WhiteElo "2526"]
[BlackElo "2395"]
[PlyCount "150"]
[GameId "2160767910155504"]
[EventDate "2009.07.18"]
[EventType "swiss"]
[EventRounds "9"]
[EventCountry "CAN"]
[SourceTitle "CBM 131 Extra"]
[Source "ChessBase"]
[SourceDate "2009.09.03"]
[SourceVersion "2"]
[SourceVersionDate "2009.09.16"]
[SourceQuality "1"]

1. e4 e5 2. Bc4 Nf6 3. d3 Nc6 4. Nc3 Na5 5. Nge2 Be7 6. O-O O-O 7. a4 Nxc4 8. dxc4 d6 9. Qd3 Be6 10. b3 Nd7 11. Ng3 Bg5 12. Nd5 Nc5 13. Qd1 Rc8 14. Bxg5 Qxg5 15. a5 g6 16. b4 Nd7 17. Ra3 Kh8 18. Ne2 f5 19. f4 Qh6 20. exf5 Bxf5 21. c5 exf4 22. Nexf4 Qg7 23. Re3 Ne5 24. cxd6 cxd6 25. c3 Bg4 26. Qe1 g5 27. Nd3 Rxf1+ 28. Qxf1 Be6 29. Nxe5 Bxd5 30. Ng4 Bc4 31. Qe1 Rf8 32. Re8 Rxe8 33. Qxe8+ Bg8 34. Qe3 b6 35. axb6 axb6 36. h3 b5 37. Qd2 h5 38. Nh2 Qf6 39. Nf1 Qe5 40. Kf2 Kg7 41. Ng3 h4 42. Ne2 Bc4 43. Nd4 Bd5 44. Kg1 Bb7 45. Qf2 Kg6 46. Qc2+ Kf6 47. Qd3 Qe1+ 48. Qf1+ Qxf1+ 49. Kxf1 Bd5 50. Kf2 Bc4 51. Ke3 Ke5 52. Kf3 Kd5 53. Nf5 Bd3 54. Ne3+ Ke5 55. Kg4 Kf6 56. Nd5+ Kg6 57. Kf3 Bf5 58. Ke3 Bd7 59. Ke4 Bc6 60. Kd4 Bb7 61. Ne3 Kf6 62. c4 bxc4 63. b5 c3 64. Kxc3 Ke5 65. Kd3 Be4+ 66. Kc3 d5 67. Ng4+ Kd6 68. Nh6 Kc5 69. Nf7 g4 70. Nh6 g3 71. b6 d4+ 72. Kd2 Kxb6 73. Ke2 Kc5 74. Kf1 d3 75. Ng4 Kd4 0-1

[Event "Quebec op"]
[Site "Montreal CAN"]
[Date "2009.07.24"]
[Round "8"]
[White "Gagunashvili, Merab"]
[Black "Malaniuk, Vladimir P"]
[Result "1-0"]
[WhiteElo "2574"]
[BlackElo "2563"]
[PlyCount "79"]
[GameId "2160767910155508"]
[EventDate "2009.07.18"]
[EventType "swiss"]
[EventRounds "9"]
[EventCountry "CAN"]
[SourceTitle "CBM 131 Extra"]
[Source "ChessBase"]
[SourceDate "2009.09.03"]
[SourceVersion "2"]
[SourceVersionDate "2009.09.16"]
[SourceQuality "1"]

1. d4 Nf6 2. c4 d6 3. Nc3 Nbd7 4. Nf3 c6 5. g3 e5 6. Bg2 Be7 7. O-O O-O 8. e4 a6 9. Rb1 b5 10. cxb5 axb5 11. b4 Bb7 12. Qc2 Re8 13. Rd1 Qb8 14. h3 Nb6 15. Bf1 Na4 16. Bd2 Bd8 17. Bg2 Qa7 18. dxe5 dxe5 19. Be3 Bb6 20. Bxb6 Nxb6 21. Nd2 Bc8 22. Nb3 Nc4 23. Qc1 Be6 24. Nc5 Na3 25. Rb2 Nd7 26. Nxe6 Rxe6 27. Rbd2 Nb6 28. Rd8+ Re8 29. Rxe8+ Rxe8 30. Bf1 h6 31. Qe3 Qc7 32. Qc5 Rc8 33. h4 Nd7 34. Qe7 Nf6 35. Qxc7 Rxc7 36. Rd8+ Kh7 37. f4 Rd7 38. Rc8 Rd4 39. fxe5 Nxe4 40. Nxe4 1-0

[Event "Quebec op"]
[Site "Montreal CAN"]
[Date "2009.07.24"]
[Round "8"]
[White "Jiang, Louie"]
[Black "Gunnarsson, Jon Viktor"]
[Result "0-1"]
[WhiteElo "2250"]
[BlackElo "2462"]
[PlyCount "80"]
[GameId "2160767910155510"]
[EventDate "2009.07.18"]
[EventType "swiss"]
[EventRounds "9"]
[EventCountry "CAN"]
[SourceTitle "CBM 131 Extra"]
[Source "ChessBase"]
[SourceDate "2009.09.03"]
[SourceVersion "2"]
[SourceVersionDate "2009.09.16"]
[SourceQuality "1"]

1. e4 c5 2. Nf3 d6 3. d4 cxd4 4. Nxd4 Nf6 5. f3 e5 6. Nb3 Be6 7. c4 a5 8. Be3 a4 9. N3d2 Qa5 10. Nc3 Be7 11. Be2 O-O 12. O-O Bd8 13. Kh1 a3 14. Qc2 axb2 15. Qxb2 Qa3 16. Qb3 Qa5 17. Qb2 Qa3 18. Qb3 Nbd7 19. Nb5 Qa6 20. Nb1 Rc8 21. Rd1 Be7 22. N1c3 Nc5 23. Qb2 Rfd8 24. Rab1 h6 25. Qd2 Rd7 26. Rdc1 Nh7 27. Nd5 Bg5 28. Nbc3 Bd8 29. Rb5 f5 30. exf5 Bxf5 31. Nb4 Qa7 32. Nd3 Bg5 33. Nd5 Nxd3 34. Bxd3 Bxe3 35. Nxe3 Bxd3 36. Qxd3 Qxa2 37. Rxe5 Qb2 38. Qd5+ Kh8 39. Rd1 Nf6 40. Qb5 Qxe5 0-1